Japan forum. (رقم التسجيلة. 131371)
[ عرض عادي ]
| 000 -LEADER | |
|---|---|
| fixed length control field | 01517cas a2200385 a 4500 |
| 008 - FIXED-LENGTH DATA ELEMENTS--GENERAL INFORMATION | |
| fixed length control field | 890706c19899999enkqr p o 0 0eng c |
| 010 ## - LIBRARY OF CONGRESS CONTROL NUMBER | |
| LC control number | 94659551 |
| Canceled/invalid LC control number | sn 89044326 |
| 022 ## - INTERNATIONAL STANDARD SERIAL NUMBER | |
| International Standard Serial Number | 0955-5803 |
| 040 ## - CATALOGING SOURCE | |
| Original cataloging agency | UkNcU |
| Transcribing agency | UkNcU |
| Modifying agency | WaU |
| -- | MH |
| -- | NST |
| -- | MH |
| -- | DLC |
| -- | MiU |
| -- | OCoLC |
| -- | MH |
| -- | GU |
| -- | OCoLC |
| -- | NLGGC |
| -- | CaQMU |
| -- | GU |
| -- | OCoLC |
| -- | UKMGB |
| -- | IEN |
| 041 0# - LANGUAGE CODE | |
| Language code of text/sound track or separate title | eng |
| Language code of summary or abstract | jpn |
| 043 ## - GEOGRAPHIC AREA CODE | |
| Geographic area code | a-ja--- |
| 050 00 - LIBRARY OF CONGRESS CALL NUMBER | |
| Classification number | DS801 |
| Item number | .J257 |
| 092 04 - LOCALLY ASSIGNED DEWEY CALL NUMBER (OCLC) | |
| Classification number | 952.005 |
| Item number | J356 |
| Edition number | 21 |
| 099 ## - LOCAL FREE-TEXT CALL NUMBER (OCLC) | |
| Classification number | 04 |
| -- | 952.005 J356 |
| 130 0# - MAIN ENTRY--UNIFORM TITLE | |
| Uniform title | Japan forum (Oxford, England) |
| 245 00 - TITLE STATEMENT | |
| Title | Japan forum. |
| 246 15 - VARYING FORM OF TITLE | |
| Title proper/short title | Japan foramu |
| Date or sequential designation | <Oct. 1993-> |
| 260 ## - PUBLICATION, DISTRIBUTION, ETC. | |
| Place of publication, distribution, etc. | [Oxford, England] : |
| Name of publisher, distributor, etc. | Oxford University Press for the British Association for Japanese Studies, |
| Date of publication, distribution, etc. | c1989- |
| 260 3# - PUBLICATION, DISTRIBUTION, ETC. | |
| Materials specified | <Mar. 2011->: |
| Place of publication, distribution, etc. | Routledge Journals, Taylor & Francis for the British Association for Japanese Studies |
| 300 ## - PHYSICAL DESCRIPTION | |
| Extent | v. : |
| Other physical details | ill. ; |
| Dimensions | 25 cm. |
| 310 ## - CURRENT PUBLICATION FREQUENCY | |
| Current publication frequency | Quarterly, |
| Date of current publication frequency | 2010- |
| 321 ## - FORMER PUBLICATION FREQUENCY | |
| Former publication frequency | Semiannual, |
| Dates of former publication frequency | 1989-2001 |
| 321 ## - FORMER PUBLICATION FREQUENCY | |
| Former publication frequency | Three times a year, |
| Dates of former publication frequency | 2002-2009 |
| 362 0# - DATES OF PUBLICATION AND/OR SEQUENTIAL DESIGNATION | |
| Dates of publication and/or sequential designation | Vol. 1, no. 1 (Apr. 1989)- |
| 500 ## - GENERAL NOTE | |
| General note | Title from cover. |
| 546 ## - LANGUAGE NOTE | |
| Language note | In English with summaries in Japanese; in English, <2011-> |
| 651 #0 - SUBJECT ADDED ENTRY--GEOGRAPHIC NAME | |
| Geographic name | Japan |
| Form subdivision | Periodicals. |
| 651 #6 - SUBJECT ADDED ENTRY--GEOGRAPHIC NAME | |
| Geographic name | Japon |
| Form subdivision | Pâeriodiques. |
| 710 2# - ADDED ENTRY--CORPORATE NAME | |
| Corporate name or jurisdiction name as entry element | British Association for Japanese Studies. |
| 776 08 - ADDITIONAL PHYSICAL FORM ENTRY | |
| Relationship information | Online version: |
| Title | Japan forum (Oxford, England : Online) |
| International Standard Serial Number | 1469-932X |
| Record control number | (DLC) 2008233175 |
| -- | (OCoLC)45690021 |
| 905 ## - LOCAL DATA ELEMENT E, LDE (RLIN) | |
| Cataloger | Jamal |
| Reviser | Cat. |
| 905 ## - LOCAL DATA ELEMENT E, LDE (RLIN) | |
| Reviser | Rev. |
| 942 ## - ADDED ENTRY ELEMENTS (KOHA) | |
| Source of classification or shelving scheme | Dewey Decimal Classification |
| Koha item type | Books |
| Source of classification or shelving scheme | Not for loan | Home library | Current library | Date acquired | Full call number | Date last seen | Koha item type |
|---|---|---|---|---|---|---|---|
| Dewey Decimal Classification | المكتبة المركزبة الجديدة - جامعة القاهرة | قاعة الثقاقات الاجنبية - الدور الثالث | 11.02.2024 | 952.005 J356f | 23.09.2023 | Continuing Resources |